Mrs pepperpot at the bazaar / (Record no. 5330)
[ view plain ]
| 000 -LEADER | |
|---|---|
| fixed length control field | 01101nam a22002897a 4500 |
| 001 - CONTROL NUMBER | |
| control field | 5330 |
| 003 - CONTROL NUMBER IDENTIFIER | |
| control field | FISKH |
| 005 - DATE AND TIME OF LATEST TRANSACTION | |
| control field | 20241126142644.0 |
| 008 - FIXED-LENGTH DATA ELEMENTS--GENERAL INFORMATION | |
| fixed length control field | 241126b cb ||||| |||| 00| 0 eng d |
| 020 ## - INTERNATIONAL STANDARD BOOK NUMBER | |
| International Standard Book Number | 9780091718213 |
| 040 ## - CATALOGING SOURCE | |
| Original cataloging agency | FISKH |
| Language of cataloging | eng |
| Transcribing agency | FISKH |
| Modifying agency | FISKH |
| 082 ## - DEWEY DECIMAL CLASSIFICATION NUMBER | |
| Classification number | 839.82374 |
| 100 ## - MAIN ENTRY--PERSONAL NAME | |
| Personal name | Proysen, Alf |
| Dates associated with a name | (1914–1970) |
| 245 ## - TITLE STATEMENT | |
| Title | Mrs pepperpot at the bazaar / |
| Statement of responsibility, etc. | Alf Proysen Illustrated by David Arthur |
| 250 ## - EDITION STATEMENT | |
| Edition statement | First published in 2000 |
| 260 ## - PUBLICATION, DISTRIBUTION, ETC. | |
| Place of publication, distribution, etc. | London : |
| Name of publisher, distributor, etc. | Red Fox, |
| Date of publication, distribution, etc. | 2000. |
| 300 ## - PHYSICAL DESCRIPTION | |
| Extent | 28 pages : |
| Other physical details | Color illustrations ; |
| Dimensions | 20 cm |
| 505 ## - FORMATTED CONTENTS NOTE | |
| Formatted contents note | G<br/> |
| 520 ## - SUMMARY, ETC. | |
| Summary, etc. | Mrs Pepperpot has promised to make gingerbread for the school bazaar but things get a bit tricky when she shrinks and is trapped under the mixing bowl! But that doesn't stop her from going, and the three stuck-up ladies who mocked her gingerbread get more than they bargained for! |
| 521 8# - TARGET AUDIENCE NOTE | |
| Target audience note | 380L<br/> |
| Source | Lexile<br/> |
| 521 8# - TARGET AUDIENCE NOTE | |
| Target audience note | G<br/> |
| Source | Raz-Plus<br/> |
| 650 ## - SUBJECT ADDED ENTRY--TOPICAL TERM | |
| Source of heading or term | Picture book |
| Topical term or geographic name entry element | Fiction |
| 650 ## - SUBJECT ADDED ENTRY--TOPICAL TERM | |
| Source of heading or term | Children's stories |
| Topical term or geographic name entry element | Character Books |
| 700 ## - ADDED ENTRY--PERSONAL NAME | |
| Personal name | Arthur, David |
| Dates associated with a name | Illustrator |
| 942 ## - ADDED ENTRY ELEMENTS (KOHA) | |
| Source of classification or shelving scheme | Dewey Decimal Classification |
| Koha item type | Books |
| Suppress in OPAC | No |
| Withdrawn status | Lost status | Source of classification or shelving scheme | Damaged status | Not for loan | Collection | Home library | Current library | Shelving location | Date acquired | Total Checkouts | Full call number | Barcode | Date last seen | Copy number | Price effective from | Koha item type |
|---|---|---|---|---|---|---|---|---|---|---|---|---|---|---|---|---|
| Dewey Decimal Classification | Fiction | Footprints International School Library Network Toul Kork Campus | Footprints International School Library Network Toul Kork Campus | TK Primary Library Room(4th Floor), Bookcase 1&2, Shelves 1-16, Dark Blue Books | 11/26/2024 | PRO 839.82374 | 2024-2382 | 11/26/2024 | 1 | 11/26/2024 | Books |
